[Event "C.to Provinciale BI-VC"]
[Site "Santhia' ITA"]
[Date "2013.03.15"]
[Round "2"]
[White "Siclari, Giovanni"]
[Black "Palma, Maria"]
[WhiteElo "2021"]
[BlackElo "1585"]
[Result "1-0"]
[PlyCount "65"]
[EventDate "2013.03.08"]

1. Nf3 Nf6 2. c4 c6 3. Nc3 d5 4. d4 a6 5. c5 Bf5 6. Bf4 Nbd7 7. e3 e6 8. Be2 h6
9. h3 Be7 10. b4 O-O 11. O-O Ne4 12. Qb3 Nxc3 13. Qxc3 Nf6 14. a4 Ne4 15. Qb2
b5 16. Ne5 Qc8 17. f3 Nf6 18. axb5 axb5 19. Rxa8 Qxa8 20. Ra1 Qb7 21. Qa3 Re8
22. Qa6 Rb8 23. Nxc6 Qxa6 24. Nxe7+ Kf8 25. Rxa6 Rb7 26. Nxf5 exf5 27. c6 Re7
28. Bd6 Ke8 29. Bxe7 Kxe7 30. c7 Kd7 31. Rc6 Kc8 32. Bxb5 Ne8 33. Ba6+ 1-0

[Event "C.to Provinciale BI-VC"]
[Site "Santhia' ITA"]
[Date "2013.03.15"]
[Round "2"]
[White "Ubezio, Marco"]
[Black "Costantino, Gian Franco"]
[WhiteElo "2144"]
[BlackElo "1758"]
[Result "1-0"]
[PlyCount "83"]
[EventDate "2013.03.08"]

1. e4 d5 2. exd5 Qxd5 3. Nc3 Qa5 4. d4 Nf6 5. Nf3 Bf5 6. Ne5 e6 7. g4 Bg6 8.
Nc4 Qb4 9. a3 Qe7 10. Bg2 c6 11. Bf4 Qd8 12. h4 h5 13. g5 Nd5 14. Nxd5 cxd5 15.
Ne5 Bf5 16. Bf3 g6 17. c4 Nc6 18. Qa4 Qa5+ 19. Qxa5 Nxa5 20. cxd5 Nb3 21. Rd1
Bc2 22. dxe6 fxe6 23. Bxb7 Rd8 24. Bc6+ Ke7 25. Nxg6+ Bxg6 26. Be5 Rc8 27. Ba4
Bc2 28. Bxb3 Bxb3 29. Bxh8 Rc2 30. O-O Kf7 31. Rc1 Rxb2 32. Rb1 Rxb1 33. Rxb1
Bd5 34. a4 a5 35. Rb6 Bb4 36. Be5 Kg6 37. Kh2 Bb3 38. Bd6 Bxd6+ 39. Rxd6 Bc4
40. Kg3 Kf5 41. f3 Bd3 42. d5 1-0

[Event "C.to Provinciale BI-VC"]
[Site "Santhia' ITA"]
[Date "2013.03.22"]
[Round "3"]
[White "Caldi, Mario"]
[Black "Bardone, Lorenzo"]
[WhiteElo "1868"]
[BlackElo "1959"]
[Result "0-1"]
[PlyCount "68"]
[EventDate "2013.03.08"]

1. e4 c5 2. Nf3 e6 3. d4 cxd4 4. Nxd4 Nc6 5. Nc3 Qc7 6. Be3 a6 7. Qd2 Nf6 8.
O-O-O Ne5 9. f3 Bb4 10. g4 h6 11. Kb1 b5 12. g5 hxg5 13. Bxg5 Nh5 14. Rg1 Ng6
15. Rg4 Bxc3 16. bxc3 Bb7 17. Nb3 Ne5 18. Bf4 Nxf4 19. Qxf4 Qxc3 20. Rxg7 Qxf3
21. Qd2 Qf6 22. Rg5 Bc6 23. Nd4 Bxe4 24. Be2 Nc4 25. Bxc4 bxc4 26. Kc1 d5 27.
Rdg1 Kd7 28. Rg7 Rab8 29. Qe3 Rxh2 30. Rxf7+ Qxf7 31. Qg3 Rbh8 32. Qa3 Rh1 33.
Qa4+ Ke7 34. Qb4+ Kf6 0-1

[Event "C.to Provinciale BI-VC"]
[Site "Santhia' ITA"]
[Date "2013.03.22"]
[Round "3"]
[White "Costantino, Gian Franco"]
[Black "Carando, Enrica"]
[WhiteElo "1758"]
[BlackElo "1425"]
[Result "1-0"]
[PlyCount "37"]
[EventDate "2013.03.08"]

1. Nf3 Nc6 2. c4 d5 3. cxd5 Qxd5 4. Nc3 Qd7 5. g3 b6 6. Bg2 Bb7 7. O-O O-O-O 8.
d3 Nf6 9. Bd2 h6 10. Rc1 e5 11. a3 Bd6 12. Qc2 Nd4 13. Nxd4 exd4 14. Bxb7+ Kxb7
15. Na2 h5 16. Qc4 h4 17. Nb4 b5 18. Qc6+ Kc8 19. Qa8# 1-0

[Event "C.to Provinciale BI-VC"]
[Site "Santhia' ITA"]
[Date "2013.03.22"]
[Round "3"]
[White "Lavino, Stefano"]
[Black "Tibaldeschi, Attilio"]
[WhiteElo "1640"]
[BlackElo "1743"]
[Result "1/2-1/2"]
[PlyCount "100"]
[EventDate "2013.03.08"]

1. d4 d5 2. Bf4 Nf6 3. e3 e6 4. Nf3 Nbd7 5. Bd3 Be7 6. c3 b6 7. Nbd2 Bb7 8. h3
Rc8 9. O-O c5 10. Ne5 c4 11. Bc2 O-O 12. a4 a6 13. Ndf3 Nb8 14. Nh2 Nc6 15.
Nhg4 Ne4 16. Bxe4 dxe4 17. Nxc6 Bxc6 18. Ne5 Bd5 19. Re1 Bd6 20. Ng4 Bxf4 21.
exf4 f6 22. Ne3 Qc7 23. g3 Rfd8 24. Qc2 b5 25. axb5 axb5 26. Nxd5 exd5 27. Ra2
Qf7 28. Qe2 f5 29. Rea1 Qe8 30. Qe1 Ra8 31. Ra7 Rxa7 32. Rxa7 Rb8 33. Ra5 Qd8
34. Qa1 b4 35. h4 bxc3 36. bxc3 h6 37. Qa4 Kh7 38. Ra6 Qg8 39. Qc6 Qf7 40. Rb6
Re8 41. Rb7 Qe6 42. Qc7 Rg8 43. Qe5 Qa6 44. Qxf5+ Kh8 45. Rd7 Qa1+ 46. Kg2 Qxc3
47. Qxd5 Qf3+ 48. Kh2 Qxf2+ 49. Kh3 Qf1+ 50. Kh2 Qf2+ 1/2-1/2

[Event "C.to Provinciale BI-VC"]
[Site "Santhia' ITA"]
[Date "2013.03.22"]
[Round "3"]
[White "Migliorini, Matteo"]
[Black "Ubezio, Marco"]
[WhiteElo "1987"]
[BlackElo "2144"]
[Result "1/2-1/2"]
[PlyCount "49"]
[EventDate "2013.03.08"]

1. e4 e5 2. Nf3 Nc6 3. Bb5 Nd4 4. Nxd4 exd4 5. O-O Bc5 6. d3 c6 7. Ba4 Ne7 8.
c3 O-O 9. Nd2 b5 10. Bc2 Bb6 11. cxd4 Bxd4 12. Nf3 Bb6 13. d4 d5 14. e5 Bf5 15.
Be3 Qd7 16. a4 a5 17. Rc1 Rfc8 18. Re1 Ng6 19. Qe2 Bxc2 20. Rxc2 Nf8 21. Rec1
b4 22. Qd3 Ne6 23. Ng5 Nxg5 24. Bxg5 Rc7 25. Qg3 1/2-1/2

[Event "C.to Provinciale BI-VC"]
[Site "Santhia' ITA"]
[Date "2013.03.22"]
[Round "3"]
[White "Palma, Maria"]
[Black "Avetta, Gianmario"]
[WhiteElo "1585"]
[BlackElo "1752"]
[Result "1/2-1/2"]
[PlyCount "92"]
[EventDate "2013.03.08"]

1. e4 e6 2. d4 d5 3. Nc3 Bb4 4. e5 c5 5. Bd2 cxd4 6. Nb5 Be7 7. Qg4 g6 8. Nxd4
Nc6 9. Bb5 Bd7 10. Nxc6 bxc6 11. Bd3 Qb6 12. b3 Bc5 13. Qf4 Ne7 14. Ne2 Nf5 15.
Bxf5 gxf5 16. Qg3 O-O-O 17. O-O Rdg8 18. Qh4 Rg4 19. Qf6 Rhg8 20. g3 h5 21.
Qxf7 h4 22. Bf4 R8g7 23. Qh5 hxg3 24. hxg3 Qb4 25. Qh6 Qe4 26. Rae1 Qf3 27. Qh1
Rxf4 28. Nxf4 Rxg3+ 29. Kh2 Qxh1+ 30. Kxh1 Rg4 31. Nd3 Bd4 32. Rg1 Rh4+ 33. Kg2
c5 34. Kg3 Rg4+ 35. Kf3 c4 36. Nf4 Rxg1 37. Rxg1 Bxe5 38. Ng6 Bd6 39. bxc4 dxc4
40. Rd1 Bc6+ 41. Ke2 Bd5 42. Nh4 f4 43. Nf5 Bc5 44. Nd4 c3 45. Nb3 Bc4+ 46. Kf3
Bb6 1/2-1/2

[Event "C.to Provinciale BI-VC"]
[Site "Santhia' ITA"]
[Date "2013.03.22"]
[Round "3"]
[White "Pedoni, Lorenzo"]
[Black "Penna, Tommaso"]
[WhiteElo "1614"]
[BlackElo "1936"]
[Result "1/2-1/2"]
[PlyCount "72"]
[EventDate "2013.03.08"]

1. e4 c5 2. Nf3 e6 3. c3 Nf6 4. e5 Nd5 5. d4 cxd4 6. cxd4 d6 7. a3 Bd7 8. Bd3
Bc6 9. O-O Nd7 10. Nbd2 dxe5 11. dxe5 Be7 12. Nc4 O-O 13. Re1 Nc5 14. Nd4 Nxd3
15. Nxc6 bxc6 16. Qxd3 Nb6 17. Qxd8 Rfxd8 18. Na5 Rac8 19. Be3 Rd5 20. Bxb6
axb6 21. Nc4 Rb8 22. Rad1 Kf8 23. Kf1 Ke8 24. Rc1 Kd7 25. Red1 b5 26. Na5 Rc8
27. Ke2 c5 28. Nb7 Kc6 29. Rxd5 Kxd5 30. f4 Rc7 31. Rd1+ Ke4 32. Nd6+ Bxd6 33.
exd6 Rd7 34. g3 f5 35. Kf2 h6 36. h4 g6 1/2-1/2

[Event "C.to Provinciale BI-VC"]
[Site "Santhia' ITA"]
[Date "2013.03.22"]
[Round "3"]
[White "Roma, Riccardo"]
[Black "Isoardi, Luigi"]
[WhiteElo "1386"]
[BlackElo "1788"]
[Result "0-1"]
[PlyCount "58"]
[EventDate "2013.03.08"]

1. e4 c6 2. d4 d5 3. e5 c5 4. Be3 cxd4 5. Bxd4 e6 6. Nf3 Nc6 7. Bb5 Qa5+ 8. Nc3
Bb4 9. a4 Nge7 10. O-O a6 11. Bd3 Nxd4 12. Nxd4 Bxc3 13. bxc3 Qxc3 14. Nb3 Qxe5
15. c4 O-O 16. cxd5 Nxd5 17. Re1 Qg5 18. Bc2 b6 19. Qd4 Bb7 20. a5 Rfd8 21. g3
Rac8 22. Bd3 b5 23. Nc5 Nf6 24. Re5 Qh6 25. Qh4 Qxh4 26. gxh4 Nd7 27. Nxd7 Rxd7
28. Rd1 Rxd3 29. Rxd3 Rc1+ 0-1

[Event "C.to Provinciale BI-VC"]
[Site "Santhia' ITA"]
[Date "2013.03.22"]
[Round "3"]
[White "Saviano, Sabato"]
[Black "Siclari, Giovanni"]
[WhiteElo "1752"]
[BlackElo "2021"]
[Result "0-1"]
[PlyCount "66"]
[EventDate "2013.03.08"]

1. e4 c5 2. Nf3 e6 3. c4 Nc6 4. d3 Nf6 5. Nc3 d5 6. cxd5 exd5 7. Bg5 d4 8. Bxf6
Qxf6 9. Nd5 Qd8 10. Be2 Bd6 11. O-O O-O 12. h3 Be6 13. Nd2 Rb8 14. f4 f5 15.
Bf3 Bxd5 16. exd5 Nb4 17. Nc4 Bxf4 18. a3 Na6 19. a4 Kh8 20. Bh5 Bc7 21. Qe2
Nb4 22. Bf3 Nxd5 23. Rae1 Nf4 24. Qd2 Qg5 25. Kh1 Qg3 26. Ne5 Nxd3 27. Qxd3
Bxe5 28. Rxe5 Qxe5 29. b3 Qe3 30. Qc4 d3 31. Qh4 d2 32. Bh5 Rbd8 33. Bg6 Qh6
0-1

[Event "C.to Provinciale BI-VC"]
[Site "Santhia' ITA"]
[Date "2013.03.22"]
[Round "3"]
[White "Tala, Massimiliano"]
[Black "Borghi, Dario"]
[WhiteElo "1891"]
[BlackElo "1747"]
[Result "1-0"]
[PlyCount "47"]
[EventDate "2013.03.08"]

1. e4 e5 2. Nf3 Nc6 3. Bc4 Bc5 4. O-O Nf6 5. d3 O-O 6. c3 Bb6 7. Bg5 h6 8. Bh4
Re8 9. Nbd2 d6 10. a4 a5 11. h3 Be6 12. Bxe6 fxe6 13. Nc4 Ba7 14. Qb3 b6 15.
Ne3 Qe7 16. Ng4 g5 17. Nxh6+ Kh7 18. Bxg5 Qg7 19. Be3 Re7 20. Ng5+ Kg6 21. Nxe6
Qh7 22. Nf5 Ree8 23. Ng5 Qd7 24. Qd1 1-0

[Event "C.to Provinciale BI-VC"]
[Site "Santhia' ITA"]
[Date "2013.04.05"]
[Round "4"]
[White "Avetta, Gianmario"]
[Black "Pedoni, Lorenzo"]
[WhiteElo "1752"]
[BlackElo "1614"]
[Result "0-1"]
[PlyCount "96"]
[EventDate "2013.03.08"]

1. b4 e5 2. Bb2 e4 3. c4 Nf6 4. Qb3 Be7 5. f3 O-O 6. Nc3 Nc6 7. Nxe4 Nxe4 8.
fxe4 Bxb4 9. Nf3 Re8 10. e5 d6 11. exd6 Qxd6 12. a3 Ba5 13. O-O-O Bg4 14. d4
Qf4+ 15. Kb1 b6 16. Qb5 Bf5+ 17. Ka2 Qe4 18. Ng5 Nxd4 19. Qxa5 Qc2 20. Qc3 Qxd1
21. e4 Bxe4 22. Nxe4 Rxe4 23. Bd3 Qxh1 24. Bxe4 Rd8 25. Qh3 g6 26. Qh4 Rd6 27.
Bd5 Nf5 28. Qf4 Qe1 29. g4 Qe3 30. Qf1 Nh6 31. Bc1 Qe5 32. Qh3 Qe2+ 33. Kb1
Nxg4 34. Bxf7+ Kxf7 35. Qxh7+ Kf6 36. Qh8+ Kf5 37. Qc8+ Ke4 38. Qxc7 Qd3+ 39.
Kb2 Ne5 40. Qb7+ Kd4 41. Ka1 Nxc4 42. Qg7+ Kd5 43. Qg8+ Kc6 44. Qc8+ Kb5 45.
a4+ Ka5 46. Qc7 Qc3+ 47. Ka2 Qc2+ 48. Ka1 Qxc1+ 0-1

[Event "C.to Provinciale BI-VC"]
[Site "Santhia' ITA"]
[Date "2013.04.05"]
[Round "4"]
[White "Bardone, Lorenzo"]
[Black "Isoardi, Luigi"]
[WhiteElo "1959"]
[BlackElo "1788"]
[Result "1-0"]
[PlyCount "53"]
[EventDate "2013.03.08"]

1. e4 c6 2. d4 d5 3. e5 Bf5 4. Nf3 e6 5. Be2 Ne7 6. O-O c5 7. c4 Nbc6 8. Na3
Nxd4 9. Nxd4 cxd4 10. Nb5 Nc6 11. cxd5 Nxe5 12. Qxd4 a6 13. Qxe5 axb5 14. Bxb5+
Ke7 15. dxe6 Bxe6 16. Bg5+ f6 17. Rad1 Qxd1 18. Rxd1 Kf7 19. Qc7+ Be7 20. Bc4
Rac8 21. Bxe6+ Kxe6 22. Re1+ Kf5 23. Qxe7 Kxg5 24. Qxg7+ Kf5 25. g4+ Kf4 26.
Qxf6+ Kxg4 27. Re4+ 1-0

[Event "C.to Provinciale BI-VC"]
[Site "Santhia' ITA"]
[Date "2013.04.05"]
[Round "4"]
[White "Borghi, Dario"]
[Black "Costantino, Gian Franco"]
[WhiteElo "1747"]
[BlackElo "1758"]
[Result "0-1"]
[PlyCount "80"]
[EventDate "2013.03.08"]

1. c4 e5 2. Nc3 Nf6 3. g3 d5 4. cxd5 Nxd5 5. Bg2 Nb6 6. Nf3 Nc6 7. d3 Be7 8. b3
Be6 9. Bb2 Qd7 10. Rc1 O-O 11. Ne4 f6 12. O-O Bh3 13. d4 Bxg2 14. Kxg2 Qg4 15.
Nc5 Bxc5 16. dxc5 Rad8 17. Qc2 Nd5 18. Qc4 Qxc4 19. Rxc4 Rd7 20. Kg1 Rfd8 21.
Rd1 Kf7 22. a3 Na5 23. Rc2 Nxb3 24. Bxe5 fxe5 25. Nxe5+ Ke6 26. Nxd7 Rxd7 27.
c6 bxc6 28. Rxc6+ Rd6 29. Rxd6+ cxd6 30. Rb1 Nc5 31. Rb8 Nf6 32. Ra8 a6 33. Kg2
Ke5 34. Rb8 Kd5 35. Rb4 a5 36. Rb5 a4 37. Rb4 Nfe4 38. f4 Nd2 39. e4+ Kc6 40.
Kf2 Ndxe4+ 0-1

[Event "C.to Provinciale BI-VC"]
[Site "Santhia' ITA"]
[Date "2013.04.05"]
[Round "4"]
[White "Cappa, Enrico"]
[Black "Caldi, Mario"]
[WhiteElo "1610"]
[BlackElo "1868"]
[Result "0-1"]
[PlyCount "77"]
[EventDate "2013.03.08"]

1. e4 e6 2. d4 d5 3. Nd2 Nf6 4. e5 Nfd7 5. Bd3 c5 6. c3 Nc6 7. Ne2 Qb6 8. Nf3
cxd4 9. cxd4 Be7 10. O-O O-O 11. b3 f6 12. Bb2 fxe5 13. Nxe5 Ndxe5 14. dxe5 Bc5
15. Qe1 Bd7 16. Rc1 Nb4 17. Bb1 Bb5 18. a4 Bd3 19. Rxc5 Bxe2 20. Qxe2 Qxc5 21.
Ba3 a5 22. Qh5 g6 23. Bxg6 Qe7 24. Bb1 Rac8 25. Rc1 Rxc1+ 26. Bxc1 Qf7 27. Qg4+
Kh8 28. Qe2 Qg7 29. Ba3 Rc8 30. g3 Nc6 31. Qc2 Qd7 32. Bd6 Nd4 33. Qb2 Nf3+ 34.
Kg2 Qf7 35. Qe2 Nd4 36. Qd3 Nf5 37. Qd2 b6 38. Bxf5 Qxf5 39. Qh6 0-1

[Event "C.to Provinciale BI-VC"]
[Site "Santhia' ITA"]
[Date "2013.04.05"]
[Round "4"]
[White "Carando, Enrica"]
[Black "Saviano, Sabato"]
[WhiteElo "1425"]
[BlackElo "1752"]
[Result "1-0"]
[PlyCount "67"]
[EventDate "2013.03.08"]

1. e4 c6 2. d4 d5 3. Nc3 dxe4 4. Nxe4 Bf5 5. Ng3 Bg6 6. Be3 e6 7. h4 h5 8. Bd3
Bxd3 9. Qxd3 Nf6 10. O-O-O Nbd7 11. Nf3 Qa5 12. Qb3 O-O-O 13. Bd2 Qa6 14. Bg5
Be7 15. Rhe1 g6 16. Ne5 Nxe5 17. dxe5 Rxd1+ 18. Rxd1 Nd5 19. f4 Bxg5 20. fxg5
Kb8 21. Rf1 Qa5 22. a3 Nf4 23. Ne4 Qxe5 24. Qb4 Nd5 25. Qd6+ Qxd6 26. Nxd6 Kc7
27. Nxf7 Rf8 28. Kd2 e5 29. c4 Ne7 30. Rf6 e4 31. Ke3 Nf5+ 32. Kxe4 Rxf7 33.
Rxf7+ Kb6 34. Rxf5 1-0

[Event "C.to Provinciale BI-VC"]
[Site "Santhia' ITA"]
[Date "2013.04.05"]
[Round "4"]
[White "Lavino, Stefano"]
[Black "Carando, Claudio"]
[WhiteElo "1640"]
[BlackElo "1404"]
[Result "1-0"]
[PlyCount "55"]
[EventDate "2013.03.08"]

1. Nf3 Nf6 2. d4 d5 3. Bf4 c5 4. e3 Nc6 5. c3 Qb6 6. Qb3 c4 7. Qc2 Bf5 8. Qc1
h6 9. h3 e6 10. Be2 Be7 11. Nbd2 Ne4 12. Bd1 g5 13. Bh2 Bd6 14. Bxd6 Nxd6 15.
Bc2 Ne4 16. Nxe4 Bxe4 17. Bxe4 dxe4 18. Nd2 f5 19. Nxc4 Qc7 20. Nd2 O-O-O 21.
b4 e5 22. Qb2 exd4 23. cxd4 a6 24. b5 Qb6 25. Rb1 Na5 26. bxa6 Qxa6 27. Qb5 Rd6
28. Qxf5+ 1-0

[Event "C.to Provinciale BI-VC"]
[Site "Santhia' ITA"]
[Date "2013.04.05"]
[Round "4"]
[White "Negro, Andrea"]
[Black "Palma, Maria"]
[WhiteElo "1332"]
[BlackElo "1585"]
[Result "0-1"]
[PlyCount "110"]
[EventDate "2013.03.08"]

1. e4 Nf6 2. e5 Nd5 3. Nf3 d6 4. exd6 cxd6 5. d4 Nc6 6. Bc4 Nb6 7. Bd3 Bg4 8.
Be3 g6 9. Nc3 Bg7 10. h3 Bd7 11. Qd2 O-O 12. O-O Qc7 13. Rfe1 Rfe8 14. a3 Na5
15. Nb5 Bxb5 16. Bxb5 Nbc4 17. Qc3 Rec8 18. Bxc4 Qxc4 19. Qxc4 Nxc4 20. b3 Nb6
21. c4 d5 22. cxd5 Nxd5 23. Bd2 e6 24. Rac1 Ne7 25. Rxc8+ Rxc8 26. Be3 Nf5 27.
Ne5 Rc3 28. g4 Nh4 29. Rc1 Rxc1+ 30. Bxc1 Bxe5 31. dxe5 Nf3+ 32. Kg2 Nxe5 33.
Be3 a6 34. f4 Nc6 35. b4 f6 36. Kf3 Kf7 37. h4 f5 38. g5 e5 39. fxe5 Nxe5+ 40.
Ke2 Ke6 41. Kd1 Kd5 42. Kc2 Ke4 43. Bd2 Nf3 44. Bc1 f4 45. Kc3 Nxh4 46. Kc4 f3
47. Kc5 f2 48. Kb6 f1=Q 49. Kxb7 Qxc1 50. Kxa6 Qxa3+ 51. Kb5 Nf5 52. Kc5 Qc3+
53. Kb5 Nd4+ 54. Kb6 Qc6+ 55. Ka5 Qb5# 0-1

[Event "C.to Provinciale BI-VC"]
[Site "Santhia' ITA"]
[Date "2013.04.05"]
[Round "4"]
[White "Penna, Tommaso"]
[Black "Zannoni, Gianni"]
[WhiteElo "1936"]
[BlackElo "1797"]
[Result "1-0"]
[PlyCount "53"]
[EventDate "2013.03.08"]

1. d4 Nf6 2. c4 g6 3. Nc3 d5 4. cxd5 Nxd5 5. e4 Nxc3 6. bxc3 Bg7 7. Nf3 O-O 8.
Be2 c5 9. Rb1 Nc6 10. d5 Ne5 11. Nxe5 Bxe5 12. Qd2 Bg7 13. O-O b6 14. c4 Qc7
15. Bb2 Rd8 16. f4 e6 17. Bxg7 Kxg7 18. Qc3+ Kg8 19. Rbd1 exd5 20. cxd5 Bb7 21.
f5 Qe7 22. fxg6 fxg6 23. d6 Qg7 24. Bc4+ Kh8 25. Qxg7+ Kxg7 26. Rf7+ Kh6 27.
Rxb7 1-0

[Event "C.to Provinciale BI-VC"]
[Site "Santhia' ITA"]
[Date "2013.04.05"]
[Round "4"]
[White "Tibaldeschi, Attilio"]
[Black "Roma, Riccardo"]
[WhiteElo "1743"]
[BlackElo "1386"]
[Result "1-0"]
[PlyCount "73"]
[EventDate "2013.03.08"]

1. Nf3 d5 2. b3 Nc6 3. Bb2 f6 4. e3 e5 5. d3 Bg4 6. Be2 Bd6 7. Nbd2 Nge7 8. O-O
Ng6 9. h3 Be6 10. Rc1 O-O 11. c4 dxc4 12. Nxc4 Be7 13. a3 b5 14. Ncd2 Qd6 15.
b4 f5 16. Qc2 Bd7 17. Nb3 Rab8 18. Nc5 Rb6 19. Nxd7 Qxd7 20. Rfd1 Bd6 21. Ng5
Qe7 22. Qb3+ Kh8 23. Ne6 Qf7 24. Nc5 Qxb3 25. Nxb3 Nce7 26. Bf3 Nh4 27. Be2 e4
28. dxe4 fxe4 29. Nd4 Be5 30. Ba1 Bf6 31. Rxc7 a6 32. Bg4 Nhg6 33. Ne6 Rc8 34.
Bxf6 gxf6 35. Rxc8+ Nxc8 36. Rd8+ Nf8 37. Rxf8# 1-0

[Event "C.to Provinciale BI-VC"]
[Site "Santhia' ITA"]
[Date "2013.04.05"]
[Round "4"]
[White "Ubezio, Marco"]
[Black "Tala, Massimiliano"]
[WhiteElo "2144"]
[BlackElo "1891"]
[Result "1/2-1/2"]
[PlyCount "143"]
[EventDate "2013.03.08"]

1. e4 c5 2. Nf3 Nc6 3. Bb5 d6 4. O-O a6 5. Bxc6+ bxc6 6. h3 e5 7. c3 Nf6 8. Re1
Be7 9. d4 cxd4 10. cxd4 Qc7 11. dxe5 dxe5 12. Nbd2 O-O 13. Nc4 Nd7 14. Bd2 f6
15. Ba5 Qb8 16. Rc1 Nc5 17. Qc2 Qb5 18. b4 Nd7 19. Na3 Qb7 20. Qxc6 Qxc6 21.
Rxc6 Nb8 22. Rc2 Bd7 23. Nc4 Ba4 24. Rcc1 Nd7 25. a3 Rab8 26. Nb2 Bb3 27. Rc7
Be6 28. Rc6 Kf7 29. Rec1 Ra8 30. Nc4 Nb8 31. Rc7 Nd7 32. Ne3 Bd8 33. Rb7 Bxa5
34. bxa5 Rfc8 35. Rxc8 Rxc8 36. Ra7 Rc6 37. Nd5 Kf8 38. Nc7 Nc5 39. Nd2 Bf7 40.
f3 h5 41. h4 Rd6 42. Nf1 Rd1 43. Kf2 Bc4 44. Ne3 Rd2+ 45. Kg3 Be2 46. Ncd5 g6
47. Nxf6 Rd3 48. Kf2 Rd2 49. Ke1 Ra2 50. Nd7+ Nxd7 51. Rxd7 Bb5 52. Rd2 Rxa3
53. Kf2 Rxa5 54. Rd5 Ra2+ 55. Kg3 Ra3 56. Nd1 Rd3 57. Rxd3 Bxd3 58. Kf2 a5 59.
Ke3 Bf1 60. g3 Ke7 61. Kd2 a4 62. Ne3 a3 63. Kc3 Be2 64. f4 Bf3 65. fxe5 Bxe4
66. g4 hxg4 67. Nxg4 a2 68. Kb2 Bb1 69. Nf6 Ke6 70. h5 Kxe5 71. hxg6 Kxf6 72.
Ka1 1/2-1/2

[Event "C.to Provinciale BI-VC"]
[Site "Santhia' ITA"]
[Date "2013.04.12"]
[Round "5"]
[White "Carando, Enrica"]
[Black "Lavino, Stefano"]
[WhiteElo "1425"]
[BlackElo "1640"]
[Result "0-1"]
[PlyCount "32"]
[EventDate "2013.03.08"]

1. e4 c5 2. Nf3 d6 3. d4 cxd4 4. Nxd4 Nf6 5. Nc3 g6 6. Bg5 Bg7 7. Bc4 O-O 8.
Qe2 Qa5 9. O-O-O Qxg5+ 10. Kb1 Nc6 11. Nxc6 bxc6 12. Qf3 Bg4 13. Qg3 Qc5 14.
Be2 Bxe2 15. Nxe2 Nxe4 16. Qf3 Nxf2 0-1

[Event "C.to Provinciale BI-VC"]
[Site "Santhia' ITA"]
[Date "2013.04.12"]
[Round "5"]
[White "Costantino, Gian Franco"]
[Black "Bardone, Lorenzo"]
[WhiteElo "1758"]
[BlackElo "1959"]
[Result "0-1"]
[PlyCount "80"]
[EventDate "2013.03.08"]

1. e4 c5 2. Nf3 e6 3. d4 cxd4 4. Nxd4 Nc6 5. Nb5 d6 6. Bf4 e5 7. Be3 a6 8. N5c3
Nf6 9. Bg5 Be7 10. Nd2 Bg4 11. Be2 Bxe2 12. Qxe2 Nd4 13. Qd3 Rc8 14. Nb3 Ne6
15. Bxf6 Bxf6 16. O-O Nf4 17. Qf3 O-O 18. Rfd1 Qd7 19. g3 Nh3+ 20. Kg2 Ng5 21.
Qd3 Qh3+ 22. Kg1 Bd8 23. Rd2 Bb6 24. Nd5 Bd8 25. f4 exf4 26. gxf4 Qxd3 27. cxd3
Nf3+ 28. Kf2 Nxd2 29. Nxd2 Rc2 30. Ke3 Rxb2 31. Nc4 Rxh2 32. Nxd6 h5 33. Nxb7
h4 34. Nxd8 Rxd8 35. a4 h3 36. a5 f6 37. Nc7 Rg2 38. Nd5 Kf7 39. f5 h2 40. Rh1
Rh8 0-1

[Event "C.to Provinciale BI-VC"]
[Site "Santhia' ITA"]
[Date "2013.04.12"]
[Round "5"]
[White "Isoardi, Luigi"]
[Black "Loggia, Davide"]
[WhiteElo "1788"]
[BlackElo "1416"]
[Result "1-0"]
[PlyCount "99"]
[EventDate "2013.03.08"]

1. Nf3 e6 2. e4 c6 3. d4 d5 4. e5 c5 5. c4 dxc4 6. Bxc4 cxd4 7. Qxd4 Bb4+ 8.
Ke2 Qc7 9. Bb5+ Nc6 10. Qxb4 a5 11. Qd6 Qb6 12. Nd4 Bd7 13. Bxc6 bxc6 14. Nb3
Qb5+ 15. Ke1 Ne7 16. Nc3 Qb4 17. Qxb4 axb4 18. Ne4 O-O 19. Bg5 Nd5 20. Ke2 h6
21. Be3 g5 22. Rhd1 Rfd8 23. Nf6+ Nxf6 24. exf6 e5 25. Bc5 e4 26. Be7 Bg4+ 27.
f3 exf3+ 28. gxf3 Rxd1 29. Rxd1 Rxa2 30. fxg4 Rxb2+ 31. Nd2 b3 32. Rb1 Rxb1 33.
Nxb1 Kh7 34. Kd3 Kg6 35. Kc3 h5 36. h3 b2 37. Kxb2 Kh6 38. Kc3 Kg6 39. Kc4 c5
40. Nd2 Kh6 41. Ne4 Kg6 42. Nd6 hxg4 43. hxg4 Kh7 44. Nxf7 Kg8 45. Nh6+ Kh7 46.
f7 Kg6 47. f8=Q Kh7 48. Qf5+ Kxh6 49. Qxg5+ Kh7 50. Bf8 1-0

[Event "C.to Provinciale BI-VC"]
[Site "Santhia' ITA"]
[Date "2013.04.12"]
[Round "5"]
[White "Pedoni, Lorenzo"]
[Black "Caldi, Mario"]
[WhiteElo "1614"]
[BlackElo "1868"]
[Result "0-1"]
[PlyCount "74"]
[EventDate "2013.03.08"]

1. e4 e6 2. d4 d5 3. Nc3 Nf6 4. Bg5 Bb4 5. e5 h6 6. exf6 hxg5 7. fxg7 Rg8 8.
Qh5 Qf6 9. Qh7 Bxc3+ 10. bxc3 Qxg7 11. Qxg7 Rxg7 12. Be2 b6 13. Nf3 f6 14. O-O
Ba6 15. Bxa6 Nxa6 16. Rfe1 Kd7 17. Re2 c5 18. Rae1 Re8 19. Rd2 c4 20. Rde2 Nc7
21. Nd2 Nb5 22. Nb1 Rge7 23. a4 Nd6 24. Na3 Ne4 25. Re3 f5 26. Nb1 g4 27. f3 f4
28. R3e2 gxf3 29. gxf3 Ng5 30. Kf2 Nh3+ 31. Kg2 Rh8 32. Kf1 Ng5 33. Nd2 Rh3 34.
Kg2 Reh7 35. Re5 Rxh2+ 36. Kg1 Rh1+ 37. Kf2 R7h2# 0-1

[Event "C.to Provinciale BI-VC"]
[Site "Santhia' ITA"]
[Date "2013.04.12"]
[Round "5"]
[White "Roma, Riccardo"]
[Black "Avetta, Gianmario"]
[WhiteElo "1386"]
[BlackElo "1752"]
[Result "0-1"]
[PlyCount "104"]
[EventDate "2013.03.08"]

1. e4 e5 2. Nf3 Nf6 3. Nc3 Nc6 4. d4 exd4 5. Nxd4 Bb4 6. Nxc6 bxc6 7. Bd2 O-O
8. Bd3 d5 9. e5 Re8 10. Qe2 Bg4 11. f3 Nd7 12. Bf4 Nxe5 13. Bxe5 f6 14. O-O
Rxe5 15. Qf2 Ba5 16. Qg3 Bh5 17. f4 Bb6+ 18. Kh1 Re3 19. Qh4 Bg6 20. Bxg6 hxg6
21. Na4 Ba5 22. Qg4 Kf7 23. Rf3 f5 24. Qg5 Qe8 25. Rxe3 Qxe3 26. b3 Re8 27. Qg3
Qd2 28. c4 dxc4 29. bxc4 Re4 30. Nc5 Qd4 31. Nb3 Qb2 32. Rf1 Qxa2 33. Nxa5 Qxa5
34. Qd3 Ke7 35. g3 Re1 36. Kg2 Rxf1 37. Qxf1 Qd2+ 38. Kh1 Qd4 39. Qe2+ Qe4+ 40.
Qxe4+ fxe4 41. Kg1 a5 42. Kf2 a4 43. Ke3 a3 44. Kxe4 a2 45. Kd4 a1=Q+ 46. Kc5
Kd7 47. Kb4 Kd6 48. c5+ Kd5 49. Kb3 Kd4 50. Kb4 Qb1+ 51. Ka4 Kc4 52. Ka3 Qb3#
0-1

[Event "C.to Provinciale BI-VC"]
[Site "Santhia' ITA"]
[Date "2013.04.12"]
[Round "5"]
[White "Saviano, Sabato"]
[Black "Cappa, Enrico"]
[WhiteElo "1752"]
[BlackElo "1610"]
[Result "1-0"]
[PlyCount "49"]
[EventDate "2013.03.08"]

1. c4 f5 2. d4 e6 3. Nc3 Nf6 4. Nf3 d5 5. cxd5 Nxd5 6. e3 Bb4 7. Bd2 Nxc3 8.
Bxc3 Bxc3+ 9. bxc3 O-O 10. Bd3 Nc6 11. O-O b6 12. Qc2 Qf6 13. e4 Bb7 14. exf5
exf5 15. Rfe1 Rad8 16. Re3 Rd7 17. Rd1 Re7 18. Bc4+ Kh8 19. Rxe7 Nxe7 20. Ne5
Qg5 21. f3 f4 22. Nf7+ Rxf7 23. Bxf7 Bc8 24. Qe2 Bh3 25. Kh1 1-0

[Event "C.to Provinciale BI-VC"]
[Site "Santhia' ITA"]
[Date "2013.04.12"]
[Round "5"]
[White "Sgaggero, Marco"]
[Black "Negro, Andrea"]
[WhiteElo "1419"]
[BlackElo "1332"]
[Result "1-0"]
[PlyCount "48"]
[EventDate "2013.03.08"]

1. e4 e5 2. Bc4 Nf6 3. Nf3 Bc5 4. d3 Nc6 5. h3 d5 6. exd5 Nxd5 7. O-O O-O 8.
Bg5 Be7 9. Bxe7 Ncxe7 10. Nxe5 Be6 11. Nf3 Qd7 12. Bxd5 Bxd5 13. Nc3 Bc6 14.
Re1 Rfe8 15. Ne5 Qf5 16. Nxc6 Nxc6 17. Qd2 Qg6 18. Rxe8+ Rxe8 19. Re1 Rxe1+ 20.
Qxe1 h6 21. Nd5 Nd4 22. Ne7+ Kh7 23. Nxg6 Kxg6 24. Qe5 Nc6 1-0

[Event "C.to Provinciale BI-VC"]
[Site "Santhia' ITA"]
[Date "2013.04.12"]
[Round "5"]
[White "Siclari, Giovanni"]
[Black "Ubezio, Marco"]
[WhiteElo "2021"]
[BlackElo "2144"]
[Result "1/2-1/2"]
[PlyCount "61"]
[EventDate "2013.03.08"]

1. Nf3 Nf6 2. c4 b6 3. g3 Bb7 4. Bg2 e6 5. O-O Be7 6. Nc3 Ne4 7. Nxe4 Bxe4 8.
Re1 O-O 9. d3 Bb7 10. e4 d6 11. d4 Nd7 12. Qc2 c5 13. d5 Bf6 14. dxe6 fxe6 15.
Bf4 e5 16. Be3 Nb8 17. Rad1 Nc6 18. Nd2 Bc8 19. Qd3 Nb4 20. Qb1 Bg4 21. f3 Be6
22. b3 Bg5 23. Nf1 Bxe3+ 24. Nxe3 Nc6 25. Qd3 Nd4 26. Nc2 Qg5 27. f4 exf4 28.
Nxd4 cxd4 29. gxf4 Qxf4 30. Qxd4 Rad8 31. e5 1/2-1/2